000 00548nam a2200229Ia 4500
003 OSt
005 20221007115743.0
006 a|||||r|||| 00| 0
007 ta
008 221006b |||||||| |||| 00| 0 eng d
024 _a38,043
037 _cTextual
040 _aLCO
_cLCO
_beng
041 _2eng
_aeng
082 _aX:954, Q2
100 _aSHUY Rogar
_9709833
245 0 _aLanguage of Sexual Misconduct Cases
260 _c2012
300 _a229
942 _hX:954, Q2
_cTEXL
999 _c1207606
_d1207606